Purification and analysis of recombinant proteins / (Record no. 29613)
[ view plain ]
| 000 -LEADER | |
|---|---|
| fixed length control field | 00916nam a2200265 4500 |
| 001 - CONTROL NUMBER | |
| control field | u3486 |
| 003 - CONTROL NUMBER IDENTIFIER | |
| control field | SIRSI |
| 005 - DATE AND TIME OF LATEST TRANSACTION | |
| control field | 20180220094105.0 |
| 008 - FIXED-LENGTH DATA ELEMENTS--GENERAL INFORMATION | |
| fixed length control field | 901126s1991 nyua c 001 0 eng c |
| 020 ## - INTERNATIONAL STANDARD BOOK NUMBER | |
| International Standard Book Number | 0824782771 (alk. paper) |
| 039 #9 - LEVEL OF BIBLIOGRAPHIC CONTROL AND CODING DETAIL [OBSOLETE] | |
| Level of rules in bibliographic description | 200208181525 |
| Level of effort used to assign nonsubject heading access points | safaa |
| -- | 200203190934 |
| -- | load |
| 040 ## - CATALOGING SOURCE | |
| Original cataloging agency | EAL |
| 050 ## - LIBRARY OF CONGRESS CALL NUMBER | |
| Classification number | TP248.65.P76 |
| Item number | P87 1991 |
| 245 00 - TITLE STATEMENT | |
| Title | Purification and analysis of recombinant proteins / |
| Statement of responsibility, etc. | edited by Ramnath Seetharam, Satish K. Sharma. |
| 260 0# - PUBLICATION, DISTRIBUTION, ETC. | |
| Place of publication, distribution, etc. | New York : |
| Name of publisher, distributor, etc. | M. Dekker, |
| Date of publication, distribution, etc. | c1991. |
| 300 ## - PHYSICAL DESCRIPTION | |
| Extent | xiv, 324 p. : |
| Other physical details | ill. ; |
| Dimensions | 24 cm. |
| 440 #0 - SERIES STATEMENT/ADDED ENTRY--TITLE | |
| Title | Bioprocess technology ; |
| Volume/sequential designation | v. 12 |
| 504 ## - BIBLIOGRAPHY, ETC. NOTE | |
| Bibliography, etc. note | Includes bibliographical references and index. |
| 596 ## - | |
| -- | 1 |
| 650 #0 - SUBJECT ADDED ENTRY--TOPICAL TERM | |
| Topical term or geographic name entry element | Recombinant proteins |
| General subdivision | Purification. |
| 650 #0 - SUBJECT ADDED ENTRY--TOPICAL TERM | |
| Topical term or geographic name entry element | Recombinant proteins |
| General subdivision | Analysis. |
| 700 10 - ADDED ENTRY--PERSONAL NAME | |
| Personal name | Seetharam, Ramnath, |
| Dates associated with a name | 1952- |
| 700 10 - ADDED ENTRY--PERSONAL NAME | |
| Personal name | Sharma, Satish K., |
| Dates associated with a name | 1951- |
| 942 ## - ADDED ENTRY ELEMENTS (KOHA) | |
| Koha item type | Books |
| Source of classification or shelving scheme | Library of Congress Classification |
| Withdrawn status | Lost status | Source of classification or shelving scheme | Damaged status | Not for loan | Home library | Current library | Date acquired | Total Checkouts | Full call number | Barcode | Date last seen | Copy number | Price effective from | Koha item type |
|---|---|---|---|---|---|---|---|---|---|---|---|---|---|---|
| Withdrawn | Library of Congress Classification | Main | Main | 02/20/2018 | TP248.65.P76 P87 1991 | 0013142 | 02/27/2025 | 1 | 02/20/2018 | Books |